Evaluating Sustainable Food System Innovations (Record no. 81177)

MARC details
000 -LEADER
fixed length control field 03942namaa2200601uu 4500
001 - CONTROL NUMBER
control field doab121742
003 - CONTROL NUMBER IDENTIFIER
control field oapen
005 - DATE AND TIME OF LATEST TRANSACTION
control field 20260218110441.0
006 - FIXED-LENGTH DATA ELEMENTS--ADDITIONAL MATERIAL CHARACTERISTICS
fixed length control field m o d
007 - PHYSICAL DESCRIPTION FIXED FIELD--GENERAL INFORMATION
fixed length control field cr|mn|---annan
008 - FIXED-LENGTH DATA ELEMENTS--GENERAL INFORMATION
fixed length control field 231117s2024 xx |||||o ||| 0|eng d
020 ## - INTERNATIONAL STANDARD BOOK NUMBER
International Standard Book Number 9781000966145
020 ## - INTERNATIONAL STANDARD BOOK NUMBER
International Standard Book Number 9781003285441
020 ## - INTERNATIONAL STANDARD BOOK NUMBER
International Standard Book Number 9781003285441
020 ## - INTERNATIONAL STANDARD BOOK NUMBER
International Standard Book Number 9781032258812
020 ## - INTERNATIONAL STANDARD BOOK NUMBER
International Standard Book Number 9781032258836
024 7# - OTHER STANDARD IDENTIFIER
Standard number or code 10.4324/9781003285441
Source of number or code doi
040 ## - CATALOGING SOURCE
Original cataloging agency oapen
Transcribing agency oapen
Modifying agency
041 0# - LANGUAGE CODE
Language code of text/sound track or separate title eng
042 ## - AUTHENTICATION CODE
Authentication code dc
245 00 - TITLE STATEMENT
Title Evaluating Sustainable Food System Innovations
Remainder of title A Global Toolkit for Cities
260 ## - PUBLICATION, DISTRIBUTION, ETC.
Name of publisher, distributor, etc. Taylor & Francis
Date of publication, distribution, etc. 2024
300 ## - PHYSICAL DESCRIPTION
Extent 1 online resource (252 p.)
336 ## - CONTENT TYPE
Content type term text
Content type code txt
Source rdacontent
337 ## - MEDIA TYPE
Media type term computer
Media type code c
Source rdamedia
338 ## - CARRIER TYPE
Carrier type term online resource
Carrier type code cr
Source rdacarrier
490 1# - SERIES STATEMENT
Series statement Routledge Studies in Food, Society and the Environment
506 0# - RESTRICTIONS ON ACCESS NOTE
Standardized terminology for access restriction Unrestricted online access
Source of term star
520 ## - SUMMARY, ETC.
Summary, etc. This book presents Urbal, an approach that applies impact pathway mapping to understand how food system innovations in cities, and their territories, change and impact food system sustainability. Around the world, people are finding innovative ways to make their food systems more sustainable. However, documenting and understanding how these innovations impact the sustainability of food system can be a challenge. The Urban Driven Innovations for Sustainable Food Systems (Urbal) methodology responds to these constraints by providing innovations with a simple, open-source, resource-efficient tool that is easily appropriated and adaptable to different contexts. Urbal is designed to respond to the demands of field stakeholders, whether public or private, to accompany and guide them in their actions and decision-making with regard to sustainability objectives. This book presents this qualitative and participatory impact assessment method of food innovations and applies it to several cases of food innovation around the world, including the impact of agricultural districts in Milan, chefs and gastronomy in Brasilia, e-commerce in Vietnam, eco-friendly farm systems in Berlin and the Nourish to Flourish governance process in Cape Town. The book demonstrates how food innovations can impact different dimensions of sustainability, positively and negatively, and identify the elements that facilitate or hinder these impacts. The volume reflects on how to strengthen the capacity of these stakeholders to disseminate their innovations on other scales to contribute to the transition towards more sustainable food systems. This book will be of great interest to students and scholars working on sustainable food systems, urban food, food innovation and impact assessment, as well as policymakers, practitioners and funders interested in these areas.
540 ## - TERMS GOVERNING USE AND REPRODUCTION NOTE
Terms governing use and reproduction Creative Commons
-- by-nc-nd/4.0
-- cc
Uniform Resource Identifier <a href="http://creativecommons.org/licenses/by-nc-nd/4.0">http://creativecommons.org/licenses/by-nc-nd/4.0</a>
546 ## - LANGUAGE NOTE
Language note English
650 #7 - SUBJECT ADDED ENTRY--TOPICAL TERM
Topical term or geographic name entry element Agriculture & related industries
Source of heading or term bicssc
650 #7 - SUBJECT ADDED ENTRY--TOPICAL TERM
Topical term or geographic name entry element Applied ecology
Source of heading or term bicssc
650 #7 - SUBJECT ADDED ENTRY--TOPICAL TERM
Topical term or geographic name entry element Central government policies
Source of heading or term bicssc
650 #7 - SUBJECT ADDED ENTRY--TOPICAL TERM
Topical term or geographic name entry element Development economics & emerging economies
Source of heading or term bicssc
650 #7 - SUBJECT ADDED ENTRY--TOPICAL TERM
Topical term or geographic name entry element Food & society
Source of heading or term bicssc
650 #7 - SUBJECT ADDED ENTRY--TOPICAL TERM
Topical term or geographic name entry element Sustainable agriculture
Source of heading or term bicssc
720 1# - ADDED ENTRY--UNCONTROLLED NAME
Name Valette, Élodie
Relator code edt
720 1# - ADDED ENTRY--UNCONTROLLED NAME
Name Blay-Palmer, Alison
Relator code edt
720 1# - ADDED ENTRY--UNCONTROLLED NAME
Name Blay-Palmer, Alison
Relator code oth
720 1# - ADDED ENTRY--UNCONTROLLED NAME
Name Chaboud, Géraldine
Relator code edt
720 1# - ADDED ENTRY--UNCONTROLLED NAME
Name Chaboud, Géraldine
Relator code oth
720 1# - ADDED ENTRY--UNCONTROLLED NAME
Name Di Battista, Amanda
Relator code edt
720 1# - ADDED ENTRY--UNCONTROLLED NAME
Name Di Battista, Amanda
Relator code oth
720 1# - ADDED ENTRY--UNCONTROLLED NAME
Name Intoppa, Beatrice
Relator code edt
720 1# - ADDED ENTRY--UNCONTROLLED NAME
Name Intoppa, Beatrice
Relator code oth
720 1# - ADDED ENTRY--UNCONTROLLED NAME
Name Roudelle, Ophélie
Relator code edt
720 1# - ADDED ENTRY--UNCONTROLLED NAME
Name Roudelle, Ophélie
Relator code oth
720 1# - ADDED ENTRY--UNCONTROLLED NAME
Name Valette, Élodie
Relator code oth
793 0# -
-- DOAB Library.
856 ## - ELECTRONIC LOCATION AND ACCESS
Uniform Resource Identifier <a href="https://docs.google.com/spreadsheets/d/1yKIrdCPDAG_9c22mwoOIO2DOhtj65Wqa/edit?usp=sharing&ouid=106555315294820607512&rtpof=true&sd=true ">https://docs.google.com/spreadsheets/d/1yKIrdCPDAG_9c22mwoOIO2DOhtj65Wqa/edit?usp=sharing&ouid=106555315294820607512&rtpof=true&sd=true </a>
Link text List of Curated E-Books
942 ## - ADDED ENTRY ELEMENTS (KOHA)
Koha item type E-Book
Holdings
Withdrawn status Damaged status Not for loan Home library Current library Date acquired Total Checkouts Date last seen Price effective from Koha item type
      Directory of Open Access Books Directory of Open Access Books 12/09/2024   12/09/2024 12/09/2024 E-Book

University of Rizal System
Email us at univlibservices@urs.edu.ph

Visit our Website www.urs.edu.ph/library